Guess A Country in Every Timezone - Statistics

General Stats
  • This quiz has been taken 124 times
  • The average score is 21 of 25
Answer Stats
UTC Countries % Correct
-08:00 USA/ Canada/ Mexico
96%
-07:00 USA/ Canada/ Mexico
96%
-05:00 USA/ Canada/ Mexico/ Colombia/ Peru/ Ecuador/ Panama/ Jamaica/ Cuba/ Haiti/.Dominican Republic/ Bahamas
96%
-06:00 USA/ Canada/ Mexico/ Guatemala/ Belize/ Honduras/ El Salvador/ Nicaragua/ Costa Rica
96%
+08:00 China/ Mongolia / Russia / Malaysia/ Singapore/ Brunei/ Philippines/ Indonesia/ Australia/ East Timor
95%
+01:00 Spain / France / Germany/ Italy/ Belgium/ Netherlands/ Luxembourg/ Monaco/ Lichtenstein/ Austria/ Switzerland/ Poland/ Czech Republic/ Slovakia/ Hungary/ Slovenia/ Croatia/ Serbia/ Bosnia and Herzegovina/ Montenegro/ North Macedonia/ Albania/ Andorra/ San Marino/ Vatican City/ Denmark/ Norway/ Sweden/ Algeria/ Tunisia/ Morocco/ Angola/ Cameroon/ Chad/ Central African Republic/ Republic of the Congo/ Democratic Republic of the Congo/ Equatorial Guinea/ Gabon/ Nigeria/ Niger/ Benin/ Togo/ Sudan/ South Sudan/ Namibia
94%
-09:00 USA
94%
-10:00 USA(Hawaii)
94%
+10:00 Australia/ Papua New Guinea/ Solomon Islands/ Federated States of Micronesia/ Russia
91%
+09:00 Japan/ South Korea/ North Korea/ Russia/ Indonesia/ Palau
90%
+12:00 New Zealand/ Fiji/ Kiribati/ Nauru/ Tuvalu/ Marshall Islands/ Micronesia/ Russia
89%
+05:00 Pakistan/ Uzbekistan/ Turkmenistan/ Tajikistan/ Maldives/ Russia/ India
89%
+07:00 Russia / Mongolia / Kazakhstan / Kyrgyzstan/ Laos/ Cambodia/ Thailand/ Vietnam/ Indonesia
89%
+03:00 Russia / Belarus/ Turkey/ Saudi Arabia/ Iraq/ Kuwait/ Qatar/ Bahrain/ Yemen/ Kenya/ Ethiopia/ Uganda/ Tanzania/ Somalia/ Djibouti/ Sudan/ South Sudan/ Madagascar/ Comoros
88%
+06:00 Kazakhstan / Kyrgyzstan/ Bangladesh/ Bhutan/ Russia
87%
+11:00 Russia/ Solomon Islands/ Vanuatu/ Micronesia
87%
+04:00 Russia / United Arab Emirates/ Oman/ Armenia/ Azerbaijan/ Georgia/ Seychelles/ Mauritius
87%
±00:00 Ghana/ Nigeria/ Ivory Coast/ Burkina Faso/ Togo/ Benin/ Mali/ Senegal/ Sierra Leone/ Guinea/ Guinea-Bissau/ Gambia/ Liberia/ Ireland/ Portugal/ Iceland/ UK
82%
-03:00 Argentina/ Uruguay/ Chile/ Brazil/ Suriname
80%
-02:00 Brazil
79%
+02:00 Finland/ Estonia/ Latvia/ Lithuania/ Ukraine/ Romania/ Bulgaria/ Greece/ Cyprus/ South Africa/ Eswatini/ Lesotho/ Botswana/ Zimbabwe/ Zambia/ Malawi/ Mozambique/ Egypt/ Libya/ Burundi/ Rwanda/ Eritrea/ Ethiopia/ Somalia/ Sudan/ South Sudan / Israel/Jordan/ Lebanon/ Syria/ Turkey
68%
+13:00 Samoa/ Tonga/ Kiribati
65%
-04:00 Canada/ Venezuela/ Bolivia/ Paraguay/Barbados/ Trinidad and Tobago/ Grenada/ Saint Lucia/ Saint Vincent and the Grenadines/ Antigua and Barbuda/ Dominica/ Saint Kitts and Nevis
61%
+14:00 Kiribati
56%
-01:00 Cape Verde
33%
No matching quizzes found
Score Distribution
Percent of People with Each Score
Percentile by Number Answered
Your Score History
You have not taken this quiz